| 000 | 00962nam a2200265 a 4500 | ||
|---|---|---|---|
| 001 | 40829 | ||
| 003 | BD-RjUL | ||
| 005 | 20211209053302.0 | ||
| 008 | 160510b1982 ru fa b 001 0 eng | ||
| 035 | _a(BD-RjUL)40944 | ||
| 040 |
_aDLC _cDLC _d(BD-RjUL) _beng |
||
| 041 | 1 |
_aeng _hrus |
|
| 082 | 0 | 0 |
_a947.0841 _219 _bIRG 1982 |
| 100 | 1 |
_aIroshnikov, M. P. _q(Mikhail Pavlovich) _9125637 |
|
| 245 | 1 | 0 |
_aGenesis of the Soviet Federative State, 1917-1925 / _cM. Iroshnikov, D. Kovalenko, V. Shishkin ; [translated from the Russian by Aini Lehto and Albert Zdornykh]. |
| 260 |
_aMoscow : _bProgress, _cc1982. |
||
| 300 |
_a [16], 316 p., of plates : _bill. ; _c21 cm. |
||
| 504 | _aIncludes bibliographical references and indexes. | ||
| 651 | 0 |
_aSoviet Union _xPolitics and government _y1917-1936. _9125638 |
|
| 700 | 1 |
_aKovalenko, D. A. _9125639 |
|
| 700 | 1 |
_aShishkin, V. D. _9125640 |
|
| 942 |
_2ddc _cBK |
||
| 999 |
_c40829 _d40829 |
||